C. A. Cutter's three-figure author table.
Guardado en:
| Autor Principal: | |
|---|---|
| Otros Autores: | , |
| Formato: | Libro |
| Idioma: | English |
| Publicado: |
Englewood, Co :
Libraries Unlimited [distribuidor],
1969.
|
| Edición: | Swanson-Swift revision. |
| Materias: | |
| Etiquetas: |
Agregar Etiqueta
Sin Etiquetas, Sea el primero en etiquetar este registro!
|
| LEADER | 00902nam a22002415a 4500 | ||
|---|---|---|---|
| 001 | EIQ.libpla002041 | ||
| 008 | 070403s1969####xxu###########000#0#eng#d | ||
| 005 | 20080925161629.0 | ||
| 245 | 1 | 0 | |a C. A. Cutter's three-figure author table. |
| 250 | |a Swanson-Swift revision. | ||
| 260 | |a Englewood, Co : |b Libraries Unlimited [distribuidor], |c 1969. | ||
| 300 | |a 29 p. ; |c 38 cm. | ||
| 500 | |a Libro de instrucciones en bolsillo. | ||
| 500 | |a Datos tomados de la cubierta. | ||
| 100 | 1 | |a Cutter, Charles A., |d 1837-1903. |q (Charles Ammi) | |
| 700 | 1 | |a Swanson, Paul K., |d 1927- | |
| 700 | 1 | |a Swift, Esther M. | |
| 650 | 4 | |a Procesamiento documental |x Signatura librística. | |
| 650 | 4 | |a Bibliotecas |x Tabla de autores. | |
| 650 | 4 | |a Documentary processing |x Libristica signature. | |
| 650 | 4 | |a Libraries |x Table of authors. | |
| 040 | |a AR-BbSID |b spa |c AR-BbSID | ||
| 859 | |a AR-BbSID |b BIB. PLAPIQUI |h 025.81 |i C 841 |k R |p 5934 | ||
